Zagreb A-Z - Statistics

General Stats
  • This quiz has been taken 107 times
  • The average score is 11 of 22
Answer Stats
Hint Answer % Correct
D Most succesful football club Dinamo
99%
B Title of Josip Jelačić Ban
94%
I "Longest street" Ilica
85%
C Most succesful basketball club Cibona
81%
J "Zagreb sea" Jarun
80%
S River running through the city Sava
80%
P Nickname for a Zagreb resident Purger
73%
M Snow Queen Trophy mountain Medvednica
71%
Z Maksimir tourist attraction ZOO
70%
G Signals noon every day Grič cannon
59%
K Eastern medieval nucleus with cathedral Kaptol
57%
N Southern mainly residential part of the city Novi Zagreb
53%
T Upper Town street; popular nightlife site Tkalčičeva
51%
V Old iconic street in the centre Vlaška
30%
L Downtown green horseshoe architect Lenuzzi
29%
H IAAF meeting held at Mladost stadium Hanžeković Memorial
24%
A Old Roman settlement found nearby Andautonia
23%
O Trading passage in the centre Oktogon
19%
R Predecessor of Croatian Radiotelevision Radio Zagreb
19%
U 1987 international sport event Universiade
18%
F Cable railway with shortest route Funicular
16%
E "Linen book of Zagreb" language Etruscan
10%
No matching quizzes found
Score Distribution
Percent of People with Each Score
Percentile by Number Answered
Your Score History
You have not taken this quiz